Contabilidad /

En estos 2 Tomos de Contabilidad se pretende iniciar al estudiante en los fundamentos y principios de la disciplina contable, como también el procesamiento contable desde sus anotaciones más primarias hasta la obtención de los estados financieros. Destacable es la gran cantidad de ejercicios que pre...

Descripción completa

Detalles Bibliográficos
Autor principal: Bosch Bousquet, Julio 1922-
Otros Autores: Vargas Valdivia, Luis
Formato: Libro
Lenguaje:español
Publicado: Santiago, Chile Soelco 2002
Edición:24a. ed.
Materias:

MARC

LEADER 00000cam a2200000 a 4500
001 018722
003 UAHC_CL
005 20170803121651.0
008 060425b2002 cl 000 spa
020 |z 9567044022 
040 |a UAHC_CL  |c UAHC_CL  |d UAHC_CL 
100 1 |a Bosch Bousquet, Julio  |d 1922- 
245 1 0 |a Contabilidad /  |c Julio Bosch, Luis Vargas Valdivia. 
250 |a 24a. ed. 
260 |b Soelco  |c 2002  |a Santiago, Chile 
300 |a 2 v. 
520 |a En estos 2 Tomos de Contabilidad se pretende iniciar al estudiante en los fundamentos y principios de la disciplina contable, como también el procesamiento contable desde sus anotaciones más primarias hasta la obtención de los estados financieros. Destacable es la gran cantidad de ejercicios que presentan estos textos, especialmente indicados para quienes desean profundizar en las operaciones contables.\El Tomo I, está fundamentalmente dedicado a los registros contables y el Tomo II a la confección de estados financieros y situaciones especiales. 
650 4 |a CONTABILIDAD 
653 |a CONTADOR AUDITOR 
700 1 |a Vargas Valdivia, Luis 
900 |a 657 BOSC 
942 |c BK 
952 |0 0  |1 0  |4 0  |6 657_000000000000000_BOSC_V_1  |7 0  |8 General  |9 37475  |a BC  |b BC  |c General  |d 2017-08-03  |l 2  |o 657 BOSC v.1  |p 1353114  |r 2026-01-13 00:00:00  |s 2023-03-30  |t 1  |w 2017-08-03  |y BK 
952 |0 0  |1 0  |4 0  |6 657_000000000000000_BOSC_V_2  |7 0  |8 General  |9 37476  |a BC  |b BC  |c General  |d 2017-08-03  |l 0  |o 657 BOSC v.2  |p 1353115  |r 2026-01-13 00:00:00  |t 1  |w 2017-08-03  |y BK 
952 |0 0  |1 0  |4 0  |6 657_000000000000000_BOSC_V_1  |7 0  |8 General  |9 37477  |a BC  |b BC  |c General  |d 2017-08-03  |l 1  |m 2  |o 657 BOSC v.1  |p 1353116  |r 2026-01-13 00:00:00  |s 2019-04-02  |t 2  |w 2017-08-03  |y BK 
952 |0 0  |1 0  |4 0  |6 657_000000000000000_BOSC_V_2  |7 0  |8 General  |9 37478  |a BC  |b BC  |c General  |d 2017-08-03  |l 0  |o 657 BOSC v.2  |p 1353117  |r 2026-01-13 00:00:00  |t 2  |w 2017-08-03  |y BK 
999 |c 18722  |d 18722